Journey of life (Record no. 78936)

MARC details
000 -LEADER
fixed length control field 00330nam a2200145Ia 4500
008 - FIXED-LENGTH DATA ELEMENTS--GENERAL INFORMATION
fixed length control field 230917s9999||||xx |||||||||||||| ||und||
040 ## - CATALOGING SOURCE
-- 49913
Original cataloging agency VIVEKANANDA LIBRARY
041 ## - Language
-- English
082 ## - DDC NUMBER
Classification number 181.4 T717J
100 ## - MAIN ENTRY--PERSONAL NAME
Personal name Trehan, P L
245 #0 - TITLE STATEMENT
Title Journey of life
260 ## - PUBLICATION, DISTRIBUTION, ETC. (IMPRINT)
Place of publication, distribution, etc Dehradun
Name of publisher, distributor, etc Integral
Date of publication, distribution, etc 1993
300 ## - PHYSICAL DESCRIPTION
Pages 88 p.
942 ## - ADDED ENTRY ELEMENTS (KOHA)
Koha item type Books
Holdings
Withdrawn status Lost status Damaged status Not for loan Location (home branch) Sublocation or collection (holding branch) Date acquired Koha issues (times borrowed) Koha full call number Accession No. Koha date last seen Koha item type
        VIVEKANANDA LIBRARY VIVEKANANDA LIBRARY 09/12/2002   181.4 T717J 155088 17/09/2023 Books
© Designed and Maintained by Vivekananda Library, MDU Rohtak